• 首页
  • 本馆介绍
  • 公告通知
  • 最新文献
  • 馆藏检索
  • 电子资源
  • 读者导购
  • 参考咨询
  • 我的图书馆
  • 登录
  • 详细信息显示
  • 放入我的书架
  • 预约/预借图书
  • 作者相关作品
  • 分类相关作品
  • 丛书相关作品
  • 出版社相关作品

书目信息

  • 表格格式
  • 工作单格式
  • 卡片格式
题名:
中华史画卷
    
 
作者: 许嘉璐 主编 ;范忠程 , 陈安民 编著
分册:   现代卷
出版信息: 海口   海南国际新闻出版中心  1996
页数: 306页
开本: 20cm
丛书名:
单 册:
中图分类: K21
科图分类: 22.19
主题词: 历史-中国--通俗读物 , 现代史--中国--通俗读物 , 中国--古代史--原始社会
电子资源:
ISBN: 7-80609-257-9
000 00846nam0 2200277 45
001 1253464216
005 20121007145636.27
010    @a7-80609-257-9@dCNY19.00
100    @a19960811d1996 em y0chiy0121 ea
101 0  @achi
102    @aCN@b460000
105    @af z 000yd
200 10 @a中华史画卷@AZHONG HUA SHI HUA JUAN@i现代卷@IXIAN DAI JUAN@f许嘉璐主编@FXU JIA LU ZHU BIAN@g范忠程编著@g陈安民绘
210    @a海口@c海南国际新闻出版中心@d1996
215    @a306页@c插图@d20cm
606    @a历史-中国@x通俗读物
606    @a现代史@y中国@x通俗读物
606 0  @a中国@x古代史@x原始社会
607    @a中国-历史@x通俗读物
690    @aK21@v4
692    @a22.19
701  0 @a许嘉璐@AXU JIA LU@4主编
702  0 @a范忠程@AFAN ZHONG CHENG@4编著
702  0 @a陈安民@ACHEN AN MIN@4绘
801  0 @aCN@bTSSF@c19960811
905    @a10447@dK21@eJY4:10
    
    中华史画卷.现代卷/许嘉璐主编/范忠程编著/陈安民绘.-海口:海南国际新闻出版中心,1996
    306页:插图;20cm
    
    
    ISBN 7-80609-257-9:CNY19.00
    
●
相关链接 在E读中查询图书 在五车中查询图书 在当当中查询图书 在豆瓣中查询图书


正题名:中华史画卷     索取号:K21/JY4:10         预约/预借

序号 登录号 条形码 馆藏地/架位号 状态 备注
1 7831997   278319972   学院路分馆/ [索取号:K21/JY4:10] 在馆    
2 7831998   278319981   学院路分馆/ [索取号:K21/JY4:10] 在馆    
唐山师范学院图书馆 欢迎您!
大连网信软件有限公司© 版权所有